| 000 | 01208cam a22003497a 4500 | ||
|---|---|---|---|
| 001 | 17020288 | ||
| 003 | Nust- CAS-E | ||
| 005 | 20180118181358.0 | ||
| 008 | 111025s2010 gw a b 000 0 eng d | ||
| 010 | _a 2011499406 | ||
| 015 |
_a09,N45,0736 _2dnb |
||
| 016 | 7 |
_a997573325 _2DE-101 |
|
| 020 | _a9783527405152 | ||
| 020 | _a3527405151 | ||
| 035 | _a(OCoLC)ocn641077023 | ||
| 040 |
_aSISPL _beng _cSISPL _dSISPL _dGWDNB _dBWX _dHEBIS _dUAB _dMYG _dYDXCP _dVPI _dCDX _dVRC _dOCLCQ _dDLC |
||
| 042 | _alccopycat | ||
| 050 | 0 | 0 |
_aTK1056 _b.V64 2010 |
| 082 | 0 | 4 |
_a621.31244 _bVOG 2010 |
| 100 | 1 |
_aVogel, Werner, _d1949- |
|
| 245 | 1 | 0 |
_aLarge-scale solar thermal power : _btechnologies, costs and development / _cWerner Vogel and Henry Kalb. |
| 260 |
_aWeinheim : _bWiley-VCH, _cc2010. |
||
| 300 |
_axxx, 477 p. : _bill. (some col.) ; _c25 cm. |
||
| 504 | _aIncludes bibliographical references (p. 461-477). | ||
| 650 | 0 | _aSolar thermal energy. | |
| 650 | 0 | _aSolar power plants. | |
| 650 | 0 | 7 |
_aSonnenkraftwerk. _2swd |
| 700 | 1 | _aKalb, Henry. | |
| 906 |
_a7 _bcbc _ccopycat _d2 _encip _f20 _gy-gencatlg |
||
| 942 |
_2ddc _cBK |
||
| 999 |
_c355328 _d355328 |
||